000 00204nam a22000857a 4500
008 170201b xxu||||| |||| 00| 0 eng d
100 _92719
_aNCERT
245 _aAccountancy-XI
260 _aNew Delhi
_bNCERT
_c2006
999 _c5884
_d5884